World economic outlook. October 1998 <a> survey by the staff of the International monetary fund

Gespeichert in:
Bibliographische Detailangaben
Format: Buch
Sprache:Englisch
Veröffentlicht: Washington IMF 1998
Schriftenreihe:World economic and financial surveys
Schlagworte:
Tags: Tag hinzufügen
Keine Tags, Fügen Sie das erste Tag hinzu!

MARC

LEADER 00000nam a2200000 4500
001 c104714
005 20240111125002.6
020 |a 1-55775-773-9 
041 0 |a eng 
044 |a US 
245 1 0 |a World economic outlook. October 1998  |b <a> survey by the staff of the International monetary fund 
264 1 |a Washington  |b IMF  |c 1998 
300 |a 254 s. 
490 1 |a World economic and financial surveys 
830 0 |a World economic and financial surveys 
610 2 0 |a rozvoj hospodársky 
610 2 0 |a vývoj hospodársky 
610 2 0 |a svet 
610 2 0 |a ukazovatele ekonomické 
610 2 0 |a hospodárstvo svetové